Vrai ou Faux Géo/Pays - Statistiques

Statistiques générales
  • Ce quiz a été pris 785 fois
    733 depuis la dernière actualisation
  • Le résultat moyen est 8 sur 15
Statistiques - réponses
Question Réponse % Correct
Le seul lac Baïkal en Russie contient 20% de toute l'eau douce non gelée sur Terre. Vrai
74%
L'Australie est plus proche de l'Indonésie que de la Nouvelle-Zélande. Vrai
67%
Paris est plus au Nord que Montréal. Vrai
67%
De temps en temps, il neige au Sahara. Vrai
66%
Il n'y a aucun drapeau national contenant du violet. Faux
61%
Officiellement, la Suède compte plus de 4 fois plus d'îles que le Canada. Vrai
61%
La mer Morte se situe à 430 mètres au-dessous du niveau de la mer. Vrai
59%
L'Amérique du Sud est plus grande que L'Amérique du Nord. Faux
53%
La Suisse compte plus d'habitants que la Biélorussie. Faux
47%
L'objectif étant de se rendre en Corée du Nord en partant de Norvège en traversant le moins de pays possible, 3 pays traversés (Suède-Finlande-Russie) est le meilleur itinéraire. Faux
47%
Le Canada est plus peuplé que la Californie. Faux
44%
La capitale du Népal Katmandou est celle ayant la plus haute altitude. Faux
37%
Ushuaïa est la ville la plus au Sud du Monde. Faux
34%
14 fuseaux horaires traversent la Russie. Faux
34%
L'Alaska est l'État Américain le moins peuplé. Faux
30%
Aucun quiz correspondant
Distribution des résultats
% des personnes avec chaque résultat
Percentile par nombre de réponses
Votre historique - résultats
Vous n’avez pas pris ce quiz depuis la dernière actualisation